Statistics for Taylor Swift - The Other Side Of The Door Lyrics

Click here to take the quiz!

General Stats

  • This quiz has been taken 348 times
  • The average score is 317 of 373

Answer Stats

Lyrics% Correct
a
100%
do
100%
of
100%
the
100%
The
100%
door
99%
You
99%
you
99%
and
98%
And
98%
I
98%
other
98%
side
98%
With
97%
with
97%
in
96%
In
96%
when
95%
all
94%
is
94%
me
94%
Me
94%
To
94%
to
94%
I'm
92%
my
92%
need
92%
little
91%
love
91%
on
91%
that
91%
That
91%
want
91%
but
90%
But
90%
out
89%
for
88%
said
88%
this
88%
leave
87%
pourin
87%
rain
87%
there
87%
outside
86%
window
86%
cause
85%
don't
85%
it
85%
know
85%
stand
85%
we
85%
your
85%
back
84%
scream
84%
screaming
84%
throwing
84%
pebbles
83%
really
83%
up
83%
Wait
82%
everything
81%
more
81%
say
81%
after
80%
After
80%
beautiful
79%
lies
78%
pouring
78%
were
78%
white
78%
away
77%
heat
77%
not
77%
So
77%
so
77%
time
77%
fight
76%
if
76%
look
76%
stay
76%
tell
76%
walked
76%
had
75%
night
75%
conversation
74%
eyes
74%
make
74%
face
73%
it's
73%
over
73%
I've
72%
at
71%
mad
70%
saying
70%
black
69%
words
69%
car
68%
dress
68%
enough
68%
Ignoring
68%
picture
68%
stupid
68%
carry
67%
closer
67%
see
67%
trying
67%
why
67%
here
66%
pickin
66%
you've
66%
called
65%
down
65%
pride
65%
times
65%
broke
64%
cryin
64%
Going
64%
going
64%
hundred
64%
things
64%
was
64%
might
63%
alone
62%
baby
62%
can't
62%
faded
62%
from
61%
stairs
61%
both
60%
chase
60%
misread
60%
phone
60%
wanted
60%
confess
59%
couldn't
59%
must
59%
through
59%
even
58%
keep
58%
mess
58%
photographs
58%
sittin
58%
staring
57%
come
56%
left
56%
mean
55%
remember
54%
What
54%
nothing
53%
slamming
53%
there's
49%
worth
48%
babe
46%
doors
46%
right
46%
again
42%

Score Distribution

Percentile by Number Answered

Percent of People with Each Score

Your Score History

You have not taken this quiz